Wirtschaftsethische Perspektiven 3 Unternehmensethik, Verteilungsprobleme, methodische Ansätze

Na minha lista:
Detalhes bibliográficos
Outros Autores: Nutzinger, Hans G.
Formato: Livro
Idioma:alemão
Publicado em: Berlin Duncker und Humblot 1996
Edição:1. Aufl.
Colecção:Schriften des Vereins für Socialpolitik, Gesellschaft für Wirtschafts- und Sozialwissenschaften. Neue Folge Bd. 228
Assuntos:
Tags: Adicionar Tag
Sem tags, seja o primeiro a adicionar uma tag!

MARC

LEADER 00000nam a2200000 4500
001 c017686
005 20221214072350.4
020 |a 3-428-08616-3 
041 0 |a ger 
044 |a DE 
245 1 0 |a Wirtschaftsethische Perspektiven 3  |b Unternehmensethik, Verteilungsprobleme, methodische Ansätze  |c Edit. Hans G. Nutzinger 
250 |a 1. Aufl. 
264 1 |a Berlin  |b Duncker und Humblot  |c 1996 
300 |a 258 s. 
490 1 |a Schriften des Vereins für Socialpolitik, Gesellschaft für Wirtschafts- und Sozialwissenschaften. Neue Folge  |v Bd. 228 
830 0 |a Schriften des Vereins für Socialpolitik, Gesellschaft für Wirtschafts- und Sozialwissenschaften. Neue Folge  |v Bd. 228 
610 2 0 |a etika 
610 2 0 |a morálka 
610 2 0 |a ekonómia 
610 2 0 |a privatizácia 
610 2 0 |a hospodárstvo trhové 
610 2 0 |a stabilizácia trhu 
610 2 0 |a stabilizácia hospodárstva 
610 2 0 |a dane 
610 2 0 |a etika podnikateľská 
610 2 0 |a zisk 
610 2 0 |a hospodárstvo podnikové 
610 2 0 |a koncepcie 
610 2 0 |a imperializmus 
610 2 0 |a procesy sociálne 
610 2 0 |a štát 
610 2 0 |a hospodárstvo národné 
610 2 0 |a problémy spoločenské 
610 2 0 |a Nemecko 
700 1 |a Nutzinger, Hans G.